<?xml version="1.0" encoding="UTF-8"?>
<record
    xmlns:xsi="http://www.w3.org/2001/XMLSchema-instance"
    xsi:schemaLocation="http://www.loc.gov/MARC21/slim http://www.loc.gov/standards/marcxml/schema/MARC21slim.xsd"
    xmlns="http://www.loc.gov/MARC21/slim">

  <leader>02520    a2200325   4500</leader>
  <controlfield tag="001">32132</controlfield>
  <controlfield tag="005">20260407155622.0</controlfield>
  <controlfield tag="008">260407a2014    arg                 spa d</controlfield>
  <controlfield tag="003">AR-UNSa-BCEJYS</controlfield>
  <datafield tag="040" ind1=" " ind2=" ">
    <subfield code="a">AR-UNSa-BCEJYS</subfield>
    <subfield code="b">spa</subfield>
    <subfield code="c">AR-UNSa-BCEJYS</subfield>
  </datafield>
  <datafield tag="080" ind1=" " ind2=" ">
    <subfield code="a">347.1/7(094.4)</subfield>
    <subfield code="x">C&#xF3;digo Civil y Comercial</subfield>
  </datafield>
  <datafield tag="245" ind1="1" ind2="0">
    <subfield code="a">Nuevo C&#xF3;digo Civil y Comercial de la Naci&#xF3;n</subfield>
    <subfield code="p">Aspectos civiles y de familia</subfield>
  </datafield>
  <datafield tag="264" ind1=" " ind2="1">
    <subfield code="a">Buenos Aires :</subfield>
    <subfield code="b">Erreius</subfield>
    <subfield code="c">2014</subfield>
  </datafield>
  <datafield tag="300" ind1=" " ind2=" ">
    <subfield code="a">91 p.</subfield>
    <subfield code="c">26 cm.</subfield>
  </datafield>
  <datafield tag="505" ind1=" " ind2=" ">
    <subfield code="a">1. Adolescencia y derecho m&#xE9;dico en el C&#xF3;digo Civil y Comercial Unificado / Carlos A. Ghersi - 2. Matrimonio y divorcio: nuevos escenarios como consecuencia del C&#xF3;digo Civil y Comercial. Ley 26994 / Mar&#xED;a M. Galli Fiant - 3. El progenitor af&#xED;n y su obligaci&#xF3;n alimentaria en el nuevo C&#xF3;digo Civil y Comercial / Fernando Mill&#xE1;n - 4. Breve comentario a lo que no fue. La reforma del C&#xF3;digo Civil y la reproducci&#xF3;n asistida: una conducta errante, una oportunidad perdida / Mar&#xED;a S. Ciruzzi - 5. El hijo nacido por t&#xE9;cnicas de reproducci&#xF3;n asistida con gametos de un tercero y el derecho a la identidad - 6. Consideraciones sobre las t&#xE9;cnicas de fecundaci&#xF3;n artificial, la filiaci&#xF3;n y la denominada "voluntad procreacional" en el C&#xF3;digo Civil y Comercial de la Naci&#xF3;n Argentina / Graciela N. Gonem Machello - 7. El estado de adoptabilidad de los menores en el marco de la Convenci&#xF3;n de los Derechos del Ni&#xF1;o y el enfoque en el nuevo C&#xF3;digo Civil y Comercial dentro del T&#xED;tulo VI referido al instituto de la adopci&#xF3;n / Susana Pereyra Minich  - 8. Reflexiones en materia de obligaciones en el nuevo C&#xF3;digo Civil y Comercial de la Naci&#xF3;n / Silvia Y. Tanzi - 9. Incidencia del nuevo C&#xF3;digo Civil y Comercial de la Naci&#xF3;n en el proceso sucesorio / Diana Saiz - 10. La protecci&#xF3;n de herederos con discapacidad mediante la figura del fideicomiso testamentario. Su uso para instrumentar la mejora estricta y la tutela testamentaria / Leandro M. Merlo</subfield>
  </datafield>
  <datafield tag="041" ind1=" " ind2=" ">
    <subfield code="a">spa</subfield>
  </datafield>
  <datafield tag="942" ind1=" " ind2=" ">
    <subfield code="c">BK</subfield>
  </datafield>
  <datafield tag="590" ind1=" " ind2=" ">
    <subfield code="a">niveau_biblio:m niveau_hierar:0</subfield>
  </datafield>
  <datafield tag="100" ind1="1" ind2=" ">
    <subfield code="a">Ghersi, Carlos Alberto</subfield>
  </datafield>
  <datafield tag="700" ind1="1" ind2=" ">
    <subfield code="a">Tanzi, Silvia Y.</subfield>
  </datafield>
  <datafield tag="700" ind1="1" ind2=" ">
    <subfield code="a">Ciruzzi, Mar&#xED;a Susana</subfield>
  </datafield>
  <datafield tag="700" ind1="1" ind2=" ">
    <subfield code="a">Merlo, Leandro M.</subfield>
  </datafield>
  <datafield tag="700" ind1="1" ind2=" ">
    <subfield code="a">Mill&#xE1;n, Fernando</subfield>
  </datafield>
  <datafield tag="700" ind1="1" ind2=" ">
    <subfield code="a">Pereyra Minich, Susana</subfield>
  </datafield>
  <datafield tag="700" ind1="1" ind2=" ">
    <subfield code="a">Galli Fiant, Mar&#xED;a M.</subfield>
  </datafield>
  <datafield tag="700" ind1="1" ind2=" ">
    <subfield code="a">Saiz, Diana</subfield>
  </datafield>
  <datafield tag="700" ind1="1" ind2=" ">
    <subfield code="a">Aiello de Almeida, Mar&#xED;a A.</subfield>
  </datafield>
  <datafield tag="700" ind1="1" ind2=" ">
    <subfield code="a">Gonem Machello, Graciela N.</subfield>
  </datafield>
  <datafield tag="856" ind1="4" ind2="1">
    <subfield code="u">https://170.210.207.44/pmb/images/libros/codCivilComercNacL125145.jpg</subfield>
    <subfield code="y">Imagen de portada</subfield>
    <subfield code="q">image/jpeg</subfield>
  </datafield>
  <datafield tag="999" ind1=" " ind2=" ">
    <subfield code="c">2258</subfield>
    <subfield code="d">2258</subfield>
  </datafield>
  <datafield tag="952" ind1=" " ind2=" ">
    <subfield code="0">0</subfield>
    <subfield code="1">0</subfield>
    <subfield code="4">0</subfield>
    <subfield code="7">0</subfield>
    <subfield code="a">BCEJYS</subfield>
    <subfield code="b">BCEJYS</subfield>
    <subfield code="c">16</subfield>
    <subfield code="d">2026-04-07</subfield>
    <subfield code="l">0</subfield>
    <subfield code="o">E347.1/7(094.4) N964f/ER</subfield>
    <subfield code="p">E00020</subfield>
    <subfield code="r">2026-04-07 15:56:22</subfield>
    <subfield code="w">2026-04-07</subfield>
    <subfield code="y">L</subfield>
  </datafield>
</record>
